[Event "ZAM-ch op"]
[Site "Lusaka"]
[Date "2017.03.29"]
[Round "2"]
[White "Daka, Justin"]
[Black "Jere, Daniel"]
[Result "0-1"]
[WhiteElo "2164"]
[BlackElo "2386"]
[PlyCount "98"]
[EventDate "2017.03.29"]
[EventType "swiss"]
[EventRounds "9"]
[EventCountry "ZAM"]
[SourceTitle "EXT 2018"]
[Source "ChessBase"]
[SourceDate "2017.10.13"]
[SourceVersion "1"]
[SourceVersionDate "2017.10.13"]
[SourceQuality "1"]

1. Nf3 Nf6 2. d4 e6 3. Bg5 d5 4. e3 Nbd7 5. Bd3 Bd6 6. Nbd2 0-0 7. c3 e5 8. dxe5 Nxe5 9. Nxe5 Bxe5 10. Nf3 Bd6 11. Bc2 Be6 12. Qd3 g6 13. Qd4 Be7 14. Qh4 Re8 15. Rd1 Nd7 16. 0-0 Ne5 17. Bxe7 Nxf3+ 18. gxf3 Qxe7 19. Qh6 Qf6 20. Rd4 Qg7 21. Qf4 c6 22. Kh1 b5 23. Qd6 Rac8 24. Qc5 Qf8 25. b4 Qxc5 26. bxc5 Rb8 27. Rb1 Re7 28. a4 Reb7 29. a5 Kg7 30. Kg2 f5 31. Rdb4 Rg8 32. Rg1 Kf6 33. Kf1 Rbg7 34. f4 h6 35. h4 Bf7 36. Bd1 Rh8 37. Rg3 g5 38. hxg5+ hxg5 39. fxg5+ Rxg5 40. Rxg5 Kxg5 41. Kg2 Kf6 42. Bf3 Ke5 43. Kg3 Bh5 44. Bg2 Rg8+ 45. Kh2 Rg4 46. f4+ Kf6 47. Bf3 Rg7 48. Bg2 Re7 49. c4 bxc4 0-1